000
00277cam a2200121ua 4500
082
_a
911
_b
SHE/HI
100
_a
Sheperd, William R.
_9
1499
245
_a
Historical Atlas /
250
_a
8 th
260
_a
New York :
_b
Barnes & Noble ,
_c
1956.
300
_a
115 ; .
942
_c
REF
999
_c
866
_d
866